[Event "World op"]
[Site "Philadelphia USA"]
[Date "1991.??.??"]
[Round "5"]
[White "London, Dimitri"]
[Black "Lesiege, Alexandre"]
[Result "1-0"]
[WhiteElo "2375"]
[BlackElo "2370"]
[WhiteFideId "-1"]
[WhiteFideId "-1"]
[PlyCount "67"]
[GameId "2129405199628122"]
[EventDate "1991.07.03"]
[EventType "swiss"]
[EventRounds "9"]
[EventCountry "USA"]
[SourceTitle "TD 91\09"]

1. e4 c5 2. Nf3 e6 3. d4 cxd4 4. Nxd4 Nf6 5. Nc3 d6 6. Be2 Be7 7. O-O O-O 8. f4 Nc6 9. Be3 Qc7 10. Kh1 a6 11. a4 Bd7 12. Qe1 e5 13. fxe5 dxe5 14. Qg3 Kh8 15. Nf5 Bxf5 16. Rxf5 Rad8 17. Bd3 Nb4 18. Rd1 Rd7 19. Qf3 Rfd8 20. Bg5 Ng8 21. Bc1 Bf8 22. Qe2 f6 23. Rf3 Ne7 24. Rdf1 Nxd3 25. cxd3 Rd6 26. Rh3 Qd7 27. Qh5 h6 28. Rff3 b5 29. axb5 axb5 30. Rfg3 b4 31. Bxh6 Qxh3 32. Bxg7+ Kg8 33. gxh3 Bxg7 34. Qh6 1-0

[Event "World op 19th"]
[Site "Philadelphia"]
[Date "1991.??.??"]
[Round "?"]
[White "Ivanov, Alexander"]
[Black "Lesiege, Alexandre"]
[Result "1/2-1/2"]
[WhiteElo "2525"]
[BlackElo "2370"]
[WhiteFideId "-1"]
[WhiteFideId "-1"]
[PlyCount "212"]
[GameId "1166637115224064"]
[EventDate "1991.07.??"]
[EventType "swiss"]
[EventRounds "9"]
[EventCountry "USA"]
[SourceTitle "EXT 2003"]
[Source "ChessBase"]
[SourceDate "2002.11.25"]
[SourceVersion "1"]
[SourceVersionDate "2002.11.25"]
[SourceQuality "1"]

1. e4 c5 2. Nf3 e6 3. Nc3 d6 4. d4 cxd4 5. Nxd4 Nf6 6. g4 Nc6 7. g5 Nd7 8. Be3 Nb6 9. h4 d5 10. Bb5 Bd7 11. exd5 exd5 12. Qe2 Be7 13. Nb3 O-O 14. O-O-O Be6 15. f4 Bb4 16. f5 Bxf5 17. Bxb6 axb6 18. Nxd5 Bd6 19. Qf3 Be6 20. Kb1 Ne5 21. Qe4 Bg4 22. Rdf1 Rc8 23. Rhg1 Bh5 24. Nd4 Rc5 25. Be2 Bg6 26. Nf5 Re8 27. h5 Nc4 28. Qxc4 Rxc4 29. Bxc4 Bxh5 30. Bb3 Bc5 31. Rg3 Bg6 32. Nh4 Bf2 33. Nxg6 Bxg3 34. Ne3 hxg6 35. Bxf7+ Kf8 36. Bxg6+ Ke7 37. Nf5+ Kd7 38. Bxe8+ Qxe8 39. Nxg3 g6 40. Rd1+ Kc7 41. a3 Qe3 42. Rd3 Qxg5 43. Ne4 Qg2 44. Ng3 Kb8 45. Rc3 Qg1+ 46. Ka2 Qd1 47. a4 Ka7 48. Rc4 Qd5 49. b3 b5 50. axb5 Qxb5 51. Ne4 Qe5 52. Nf2 Kb8 53. Ng4 Qe2 54. Kb2 g5 55. Kc3 b6 56. Kb2 Kb7 57. Kc3 Qe1+ 58. Kd3 Qd1+ 59. Kc3 Qe2 60. Kb2 Qd2 61. Re4 Kc7 62. Ne3 Kd7 63. Ng4 Kd6 64. Ne3 Qf2 65. Kc3 Qf3 66. Kd3 Kd7 67. Rg4 Qf6 68. Rd4+ Ke8 69. Re4+ Kf7 70. Rd4 Kg6 71. Re4 Kh5 72. Rd4 Qe6 73. Kd2 Qe5 74. Kd3 Qf6 75. Rc4 Qg6+ 76. Kd2 Qd6+ 77. Ke2 b5 78. Re4 Qd7 79. Rb4 Qc6 80. Rd4 Qc3 81. Re4 Qc6 82. Rd4 Qc3 83. Re4 Qc7 84. Kd3 Qh7 85. Kd4 Qg7+ 86. Kd3 Qg6 87. b4 Qh7 88. Kd4 Qg7+ 89. Kd3 Qg6 90. Kd4 Qd6+ 91. Kc3 Qa6 92. Kd3 Qa1 93. Kd2 Qa3 94. Rd4 Kg6 95. Re4 Kf6 96. Rd4 Ke5 97. Rg4 Qa7 98. Ke2 Qe7 99. Kd3 Qd6+ 100. Ke2 Qd8 101. Ke1 Kf6 102. Ke2 Kg6 103. Re4 Kh5 104. Rg4 Qd7 105. Re4 Qd6 106. Rg4 Qe5 1/2-1/2

[Event "Quebec-ch"]
[Site "Montreal CAN"]
[Date "1991.??.??"]
[Round "2"]
[White "Berube, Richard"]
[Black "Lesiege, Alexandre"]
[Result "1/2-1/2"]
[WhiteElo "2260"]
[BlackElo "2370"]
[WhiteFideId "-1"]
[WhiteFideId "-1"]
[PlyCount "84"]
[GameId "2160767912430680"]
[EventDate "1991.06.03"]
[EventType "tourn"]
[EventRounds "9"]
[EventCountry "CAN"]
[SourceTitle "EXT 1997"]
[Source "ChessBase"]
[SourceDate "1996.11.15"]
[SourceVersion "1"]
[SourceVersionDate "1996.11.15"]
[SourceQuality "1"]

1. e4 c5 2. Nf3 e6 3. d4 cxd4 4. Nxd4 Nf6 5. Nc3 d6 6. Be2 Be7 7. O-O O-O 8. Be3 Nc6 9. f4 a6 10. Qe1 Qc7 11. Qg3 Nxd4 12. Bxd4 b5 13. a3 Bb7 14. Kh1 Bc6 15. Rae1 Qb7 16. Bf3 Rad8 17. Rd1 a5 18. e5 dxe5 19. fxe5 Nd7 20. Ne2 Bc5 21. Bxc6 Qxc6 22. c3 Nb6 23. Nf4 Bxd4 24. Nh5 Bxe5 25. Qxe5 f6 26. Rxd8 Rxd8 27. Qg3 Qb7 28. Nxf6+ Kh8 29. Nxh7 Qf7 30. Kg1 Qe7 31. Ng5 Kg8 32. Qh4 Qc5+ 33. Kh1 Qf5 34. Kg1 Qc5+ 35. Kh1 Qf5 36. Qe1 Qxg5 37. Qxe6+ Kh7 38. Qxb6 Rd2 39. Qc6 Rxb2 40. Qe4+ Qg6 41. Qh4+ Qh6 42. Qe4+ Qg6 1/2-1/2

[Event "Quebec-ch"]
[Site "Montreal CAN"]
[Date "1991.??.??"]
[Round "6"]
[White "Lesiege, Alexandre"]
[Black "Ross, Dave"]
[Result "1-0"]
[WhiteElo "2370"]
[BlackElo "2330"]
[WhiteFideId "-1"]
[WhiteFideId "-1"]
[PlyCount "83"]
[GameId "2160767912430703"]
[EventDate "1991.06.03"]
[EventType "tourn"]
[EventRounds "9"]
[EventCountry "CAN"]
[SourceTitle "EXT 1997"]
[Source "ChessBase"]
[SourceDate "1996.11.15"]
[SourceVersion "1"]
[SourceVersionDate "1996.11.15"]
[SourceQuality "1"]

1. d4 f5 2. g3 Nf6 3. Bg2 e6 4. Nf3 d5 5. O-O Bd6 6. c4 c6 7. Qc2 O-O 8. Bf4 Bxf4 9. gxf4 Ne4 10. Nbd2 Bd7 11. b4 Be8 12. e3 Nd7 13. a4 h6 14. b5 Kh8 15. Rfc1 g5 16. Nf1 gxf4 17. exf4 Bh5 18. cxd5 cxd5 19. Qc7 Rg8 20. Ne5 Rg7 21. Nxd7 Qxd7 22. Qe5 Qd6 23. Ng3 Qxe5 24. dxe5 Nxg3 25. fxg3 Be2 26. Kf2 Bc4 27. Rc3 Rd7 28. Bf3 Kg7 29. h3 Rf8 30. Rd1 Rc8 31. Ke3 Rcd8 32. Kd4 Kf8 33. g4 fxg4 34. hxg4 Rf7 35. Ke3 Ke7 36. Rd4 Rg8 37. Rc1 Kf8 38. Rh1 Kg7 39. Rh5 Rc8 40. f5 exf5 41. gxf5 Re8 42. Kf4 1-0

[Event "Quebec-ch"]
[Site "Montreal CAN"]
[Date "1991.??.??"]
[Round "7"]
[White "Leveille, Francois"]
[Black "Lesiege, Alexandre"]
[Result "0-1"]
[WhiteElo "2325"]
[BlackElo "2370"]
[WhiteFideId "-1"]
[WhiteFideId "-1"]
[PlyCount "66"]
[GameId "2160767912430708"]
[EventDate "1991.06.03"]
[EventType "tourn"]
[EventRounds "9"]
[EventCountry "CAN"]
[SourceTitle "EXT 1997"]
[Source "ChessBase"]
[SourceDate "1996.11.15"]
[SourceVersion "1"]
[SourceVersionDate "1996.11.15"]
[SourceQuality "1"]

1. e4 c5 2. Nf3 e6 3. d4 cxd4 4. Nxd4 Nf6 5. Nc3 d6 6. Bg5 Be7 7. Qd2 a6 8. O-O-O O-O 9. f4 b5 10. Bd3 Bb7 11. e5 dxe5 12. fxe5 Nfd7 13. Bf4 Nc5 14. Qe3 Nbd7 15. Kb1 b4 16. Nce2 Qb6 17. Nc1 Nxd3 18. Rxd3 Nc5 19. Rdd1 a5 20. Bg5 Bxg5 21. Qxg5 a4 22. Nd3 b3 23. axb3 axb3 24. Nxc5 bxc2+ 25. Nxc2 Qxc5 26. Rd4 Rfc8 27. Rc1 Qa7 28. Rcd1 Qa2+ 29. Kc1 Qa1+ 30. Kd2 Qxb2 31. Ke1 h6 32. Qf4 Qxc2 33. R1d2 Qf5 0-1

[Event "Quebec-ch"]
[Site "Montreal CAN"]
[Date "1991.??.??"]
[Round "8"]
[White "Lesiege, Alexandre"]
[Black "Barbeau, Sylvain"]
[Result "1/2-1/2"]
[WhiteElo "2370"]
[BlackElo "2385"]
[WhiteFideId "-1"]
[WhiteFideId "-1"]
[PlyCount "108"]
[GameId "2160767912430713"]
[EventDate "1991.06.03"]
[EventType "tourn"]
[EventRounds "9"]
[EventCountry "CAN"]
[SourceTitle "EXT 1997"]
[Source "ChessBase"]
[SourceDate "1996.11.15"]
[SourceVersion "1"]
[SourceVersionDate "1996.11.15"]
[SourceQuality "1"]

1. c4 e6 2. d4 d5 3. Nc3 c5 4. e3 Nf6 5. Nf3 Nc6 6. cxd5 exd5 7. Be2 cxd4 8. Nxd4 Bd6 9. O-O O-O 10. Nf3 Re8 11. b3 Bg4 12. Bb2 Rc8 13. Rc1 Bb8 14. Nb5 Ne4 15. Nbd4 Qd6 16. g3 Bh3 17. Re1 Qh6 18. Qd3 Rcd8 19. Bf1 Rd6 20. Bg2 Qh5 21. Nxc6 bxc6 22. Qd4 f6 23. b4 Rde6 24. Qd3 Bxg2 25. Kxg2 Qh3+ 26. Kg1 Ng5 27. Nxg5 fxg5 28. b5 Rh6 29. Rxc6 Qxh2+ 30. Kf1 Rf8 31. Qxd5+ Kh8 32. Qf3 Qh3+ 33. Qg2 Bxg3 34. Qxh3 Rxh3 35. Kg2 Bxf2 36. Kxh3 Bxe1 37. Rc7 Rf3+ 38. Kg4 Rg3+ 39. Kf5 Kg8 40. Rxg7+ Kf8 41. Rxa7 Rxe3 42. Be5 Bf2 43. Rxh7 g4 44. Bd4 Rh3 45. Rd7 Ke8 46. Rd6 Bxd4 47. Rxd4 Rh5+ 48. Ke6 Rxb5 49. Rxg4 Kd8 50. Kd6 Rb6+ 51. Kc5 Ra6 52. a4 Kc7 53. Rg7+ Kb8 54. a5 Rf6 1/2-1/2

[Event "Quebec-ch"]
[Site "Montreal CAN"]
[Date "1991.??.??"]
[Round "9"]
[White "Prahov, Valentin"]
[Black "Lesiege, Alexandre"]
[Result "0-1"]
[WhiteElo "2320"]
[BlackElo "2370"]
[WhiteFideId "-1"]
[WhiteFideId "-1"]
[PlyCount "102"]
[GameId "2160767912430720"]
[EventDate "1991.06.03"]
[EventType "tourn"]
[EventRounds "9"]
[EventCountry "CAN"]
[SourceTitle "EXT 1997"]
[Source "ChessBase"]
[SourceDate "1996.11.15"]
[SourceVersion "1"]
[SourceVersionDate "1996.11.15"]
[SourceQuality "1"]

1. e4 c5 2. Nf3 e6 3. d4 cxd4 4. Nxd4 Nf6 5. Nc3 d6 6. Be2 a6 7. O-O Be7 8. f4 O-O 9. Be3 Qc7 10. a4 Nc6 11. Qe1 Nxd4 12. Bxd4 e5 13. fxe5 dxe5 14. Qg3 Re8 15. Kh1 Bd8 16. Be3 Be6 17. Bh6 g6 18. Rad1 Rc8 19. Rd3 Be7 20. Bg5 Nd7 21. Bxe7 Rxe7 22. Nd5 Bxd5 23. exd5 Qd6 24. Rd2 Rf8 25. Bd1 Nc5 26. Qa3 f5 27. c4 a5 28. Bc2 e4 29. Qc3 b6 30. Qd4 Nd7 31. b3 Nf6 32. Bd1 e3 33. Ra2 Re4 34. Qd3 Rh4 35. g3 Qxg3 36. Rg2 Qe5 37. Rxf5 Rxh2+ 38. Rxh2 gxf5 39. Rg2+ Kh8 40. Bc2 Ng4 41. Qe2 Rf6 42. Kg1 h5 43. Bd1 f4 44. Qf3 Kg7 45. Kf1 Kf8 46. Rxg4 hxg4 47. Qxg4 Qf5 48. Qxf5 Rxf5 49. Kg2 Ke7 50. Kf3 Kd6 51. Be2 Ke5 0-1

[Event "CAN-ch U16"]
[Site "Victoria CAN"]
[Date "1991.??.??"]
[Round "?"]
[White "Lesiege, Alexandre"]
[Black "Ferguson, Jim"]
[Result "1-0"]
[WhiteElo "2387"]
[BlackElo "1783"]
[WhiteFideId "-1"]
[WhiteFideId "-1"]
[PlyCount "34"]
[GameId "2160767912439036"]
[EventDate "1991.04.28"]
[EventType "tourn"]
[EventRounds "9"]
[EventCountry "CAN"]

1. d4 Nf6 2. c4 c5 3. Nf3 cxd4 4. Nxd4 e5 5. Nb5 d5 6. cxd5 Bc5 7. e3 O-O 8. N5c3 e4 9. a3 a5 10. Nd2 Bf5 11. Be2 Re8 12. Nc4 Nbd7 13. g4 Bg6 14. g5 Nxd5 15. Qxd5 Qe7 16. h4 h6 17. h5 Bh7 1-0

[Event "CAN-ch U16"]
[Site "Victoria CAN"]
[Date "1991.??.??"]
[Round "?"]
[White "Lesiege, Alexandre"]
[Black "Glass, Martin"]
[Result "1-0"]
[WhiteElo "2387"]
[BlackElo "2015"]
[WhiteFideId "-1"]
[WhiteFideId "-1"]
[PlyCount "57"]
[GameId "2160767912439037"]
[EventDate "1991.04.28"]
[EventType "tourn"]
[EventRounds "9"]
[EventCountry "CAN"]

1. c4 c6 2. d4 d5 3. Nf3 e6 4. e3 Nf6 5. Nbd2 a6 6. Bd3 b5 7. b3 Bb7 8. O-O Nbd7 9. a4 bxc4 10. bxc4 Be7 11. Nb3 c5 12. Bd2 cxd4 13. Ba5 Qb8 14. Nfxd4 e5 15. Nf5 e4 16. Nbd4 exd3 17. Nxe7 Kxe7 18. Nf5+ Ke6 19. Nxg7+ Ke7 20. Nf5+ Ke6 21. Ng7+ Ke7 22. Qxd3 Rg8 23. Qa3+ Nc5 24. Qxc5+ Kd7 25. Nf5 Qe5 26. Rab1 Rab8 27. f4 Qxf5 28. Qc7+ Ke6 29. Rb6+ 1-0

[Event "CAN-ch U16"]
[Site "Victoria CAN"]
[Date "1991.??.??"]
[Round "?"]
[White "Lesiege, Alexandre"]
[Black "Teodoro, Eduardo"]
[Result "1-0"]
[WhiteElo "2387"]
[BlackElo "2128"]
[WhiteFideId "-1"]
[WhiteFideId "-1"]
[PlyCount "147"]
[GameId "2160767912439038"]
[EventDate "1991.04.28"]
[EventType "tourn"]
[EventRounds "9"]
[EventCountry "CAN"]

1. c4 Nf6 2. Nc3 c5 3. Nf3 Nc6 4. d4 cxd4 5. Nxd4 e6 6. Ndb5 a6 7. Nd6+ Bxd6 8. Qxd6 Qe7 9. Bf4 h6 10. O-O-O e5 11. Be3 O-O 12. Qxe7 Nxe7 13. Bc5 Re8 14. g3 Nf5 15. Bg2 g6 16. h3 Ng7 17. e3 Re6 18. Rd2 a5 19. Nb5 Nge8 20. Kb1 Raa6 21. Bd5 Nxd5 22. cxd5 Rf6 23. Be7 Rfb6 24. Rc1 Rxb5 25. Rxc8 f5 26. a4 Rbb6 27. Ka2 Kf7 28. Bc5 Rb4 29. Bxb4 axb4 30. Kb3 Nd6 31. Rc7 Ke7 32. Kxb4 Rb6+ 33. Ka3 Ra6 34. Rc1 Ne4 35. Rdc2 Nf6 36. Rd1 Ne4 37. Rd3 b5 38. b3 Kd6 39. Kb4 bxa4 40. bxa4 Rb6+ 41. Ka3 Ra6 42. Rd1 Nc5 43. Rc4 Ne4 44. f3 Nxg3 45. e4 Ne2 46. Kb4 Rb6+ 47. Ka5 Rb3 48. Rb4 Ra3 49. Re1 Nc3 50. Rc4 Nxa4 51. Rxa4 Rxf3 52. h4 Kc5 53. Rc1+ Kd6 54. Rg1 fxe4 55. Rxe4 Kxd5 56. Reg4 g5 57. hxg5 hxg5 58. Rxg5 d6 59. Kb4 Rf4+ 60. Kc3 Rc4+ 61. Kb3 Kc5 62. Rd1 Rb4+ 63. Kc3 Rh4 64. Rg8 Rc4+ 65. Kd2 Kb6 66. Ke3 Rc6 67. Rb1+ Kc7 68. Rg7+ Kc8 69. Rh1 Kb8 70. Rh8+ Rc8 71. Rhg8 d5 72. Rxc8+ Kxc8 73. Rg5 d4+ 74. Kd3 1-0

[Event "CAN-ch U16"]
[Site "Victoria CAN"]
[Date "1991.??.??"]
[Round "?"]
[White "Wu, Howard"]
[Black "Lesiege, Alexandre"]
[Result "0-1"]
[WhiteElo "1682"]
[BlackElo "2387"]
[WhiteFideId "-1"]
[WhiteFideId "-1"]
[PlyCount "58"]
[GameId "2160767912439040"]
[EventDate "1991.04.28"]
[EventType "tourn"]
[EventRounds "9"]
[EventCountry "CAN"]

1. e4 c5 2. Nf3 e6 3. d4 cxd4 4. Nxd4 Nf6 5. Nc3 d6 6. Be2 Be7 7. Be3 O-O 8. O-O a6 9. Kh1 Qc7 10. f4 b5 11. Bf3 Bb7 12. a3 Nbd7 13. Qe1 Nc5 14. Bg1 Rac8 15. e5 dxe5 16. fxe5 Nfd7 17. Bxb7 Nxb7 18. Nf3 Na5 19. Qg3 Nc4 20. Bd4 Bc5 21. Bxc5 Nxc5 22. b4 Nd7 23. Ne4 Ncxe5 24. Nxe5 Nxe5 25. Nf6+ Kh8 26. Qh4 gxf6 27. Qxf6+ Kg8 28. Rf4 Ng6 29. Raf1 Qe5 0-1

[Event "Mauricie op"]
[Site "Trois-Rivieres CAN"]
[Date "1991.03.16"]
[Round "2"]
[White "David, Benoit"]
[Black "Lesiege, Alexandre"]
[Result "1/2-1/2"]
[WhiteElo "1746"]
[BlackElo "2471"]
[WhiteFideId "-1"]
[WhiteFideId "-1"]
[PlyCount "130"]
[GameId "2160767912439144"]
[EventDate "1991.03.15"]
[EventType "swiss"]
[EventRounds "5"]
[EventCountry "CAN"]
[SourceTitle "EXT 2022"]
[Source "ChessBase"]
[SourceDate "2021.10.06"]
[SourceVersion "1"]
[SourceVersionDate "2021.10.06"]
[SourceQuality "1"]

1. e4 c5 2. Nf3 e6 3. d4 cxd4 4. Nxd4 Nf6 5. Nc3 d6 6. Be2 Be7 7. O-O O-O 8. Be3 a6 9. f4 Qc7 10. Qe1 b5 11. a3 Bb7 12. Bf3 Nbd7 13. Qg3 Nc5 14. e5 dxe5 15. fxe5 Nfe4 16. Bxe4 Nxe4 17. Nxe4 Bxe4 18. Rad1 Rad8 19. c3 Rd5 20. Bf4 Rfd8 21. Rde1 Bg6 22. Bg5 Bxg5 23. Qxg5 a5 24. Rf3 b4 25. axb4 axb4 26. h4 bxc3 27. bxc3 h6 28. Qf4 Qa5 29. Ree3 Rb8 30. Rg3 Rb1+ 31. Kh2 Qa1 32. Rxg6 fxg6 33. Nxe6 Rh1+ 34. Kg3 Rf1 35. Qc4 Qa7 36. Re2 Rd7 37. Qc8+ Kh7 38. Nf8+ Rxf8 39. Qxf8 Rd3+ 40. Kh2 Rd1 41. Qf3 Qg1+ 42. Kg3 Qc5 43. Qe3 Qc4 44. Rd2 Rh1 45. Rd4 Qe6 46. Qe4 Qb3 47. Rd3 Qb1 48. Re3 Qg1 49. Re2 Qh2+ 50. Kf2 Rc1 51. Qd4 Rg1 52. Qg4 Rd1 53. Qe4 Rd8 54. Re3 Rf8+ 55. Rf3 Rb8 56. Re3 Rb2+ 57. Re2 Rb5 58. c4 Rb8 59. Re3 Rb2+ 60. Re2 Rb3 61. Re3 Rb2+ 62. Re2 Rb8 63. Re3 Rf8+ 64. Rf3 Rd8 65. Re3 Rd2+ 1/2-1/2

[Event "RA Spring op"]
[Site "Ottawa CAN"]
[Date "1991.03.09"]
[Round "2"]
[White "Lesiege, Alexandre"]
[Black "Brodie, Hugh"]
[Result "1-0"]
[WhiteElo "2363"]
[BlackElo "2030"]
[WhiteFideId "-1"]
[WhiteFideId "-1"]
[PlyCount "70"]
[GameId "2160767912439153"]
[EventDate "1991.03.09"]
[EventType "swiss"]
[EventRounds "5"]
[EventCountry "CAN"]

1. d4 e6 2. c4 f5 3. g3 Nf6 4. Bg2 d5 5. Nf3 c6 6. O-O Bd6 7. b3 Qe7 8. a4 O-O 9. Ba3 Ne4 10. Qc1 Nd7 11. Bxd6 Qxd6 12. Qa3 Qxa3 13. Nxa3 f4 14. Bh3 Nb8 15. gxf4 Rxf4 16. cxd5 cxd5 17. Nb5 Na6 18. Rac1 Kf8 19. Nxa7 Bd7 20. Nb5 Ke7 21. Nc7 Ra7 22. Ne5 Rh4 23. Nxd7 Rxh3 24. Nb6 Nxc7 25. Rxc7+ Kf6 26. e3 Nd2 27. Rd1 Nxb3 28. Nd7+ Kf5 29. Ne5 Rh6 30. Rf7+ Kg5 31. Rxg7+ Kf5 32. Rf7+ Kg5 33. Kh1 Rxa4 34. Rg1+ Kh5 35. Rf3 Kh4 1-0

[Event "Montreal GM m"]
[Site "Montreal CAN"]
[Date "1991.??.??"]
[Round "?"]
[White "Gurevich, Ilya"]
[Black "Lesiege, Alexandre"]
[Result "1-0"]
[WhiteElo "2455"]
[BlackElo "2370"]
[WhiteFideId "-1"]
[WhiteFideId "-1"]
[PlyCount "103"]
[GameId "2160767912456017"]
[EventDate "1991.??.??"]
[EventType "match"]
[EventRounds "4"]
[EventCountry "CAN"]
[SourceTitle "EXT 91"]

1. e4 e5 2. Nf3 Nc6 3. Bb5 Nge7 4. c3 a6 5. Ba4 d6 6. d4 Bd7 7. O-O Ng6 8. Be3 Be7 9. Nbd2 O-O 10. Re1 Bf6 11. d5 Nce7 12. Bxd7 Qxd7 13. g3 Kh8 14. h4 Ng8 15. h5 N6e7 16. Nh2 Nc8 17. Qg4 Qxg4 18. Nxg4 Bd8 19. f4 exf4 20. Bxf4 f5 21. exf5 Nce7 22. c4 Nxf5 23. Kg2 b6 24. Ne4 h6 25. Bd2 Nge7 26. Rad1 b5 27. b3 Rb8 28. Bc3 bxc4 29. bxc4 Nc8 30. Rf1 Nb6 31. Rf3 Kh7 32. Rdf1 g6 33. Nef6+ Bxf6 34. Nxf6+ Rxf6 35. Bxf6 Nxc4 36. Rc1 Nce3+ 37. Kh3 gxh5 38. Bd4 Nxd4 39. Rxc7+ Kg6 40. Rxe3 Rb2 41. Rd7 Nf5 42. Re6+ Kg5 43. Rd8 Nd4 44. Rg8+ Kf5 45. Rf8+ Kg5 46. Rxd6 Rxa2 47. Rg8+ Kf5 48. Rxh6 Nf3 49. Rxh5+ Kf6 50. g4 Ng1+ 51. Kg3 Ne2+ 52. Kf3 1-0

[Event "Montreal GM m"]
[Site "Montreal CAN"]
[Date "1991.??.??"]
[Round "?"]
[White "Gurevich, Ilya"]
[Black "Lesiege, Alexandre"]
[Result "1-0"]
[WhiteElo "2455"]
[BlackElo "2370"]
[WhiteFideId "-1"]
[WhiteFideId "-1"]
[PlyCount "87"]
[GameId "2160767912456016"]
[EventDate "1991.??.??"]
[EventType "match"]
[EventRounds "4"]
[EventCountry "CAN"]
[SourceTitle "EXT 91"]

1. e4 e5 2. Nf3 Nc6 3. Bb5 a6 4. Bxc6 dxc6 5. O-O f6 6. d4 exd4 7. Nxd4 c5 8. Nb3 Qxd1 9. Rxd1 Bg4 10. f3 Be6 11. Be3 b6 12. a4 Kf7 13. Bf4 Rc8 14. Nc3 Ne7 15. a5 c4 16. Nd4 b5 17. Nce2 Ng6 18. Bg3 Bd7 19. Kf1 Ne5 20. f4 Ng4 21. Rd2 Re8 22. e5 Bc5 23. h3 Ne3+ 24. Kg1 Nf5 25. Bf2 Bxd4 26. Bxd4 Bc6 27. Bc3 h5 28. b3 Ne3 29. Nd4 Bd7 30. Re1 Nd5 31. e6+ Bxe6 32. Nxe6 Nxc3 33. Rd7+ Kg6 34. Rxg7+ Kh6 35. Rxc7 Nd5 36. Rf7 cxb3 37. cxb3 Kg6 38. Rd7 Nb4 39. f5+ Kh6 40. Re4 Nc6 41. Rf7 Nxa5 42. Rxf6+ Kh7 43. Ng5+ Kg7 44. Rg6+ 1-0

[Event "Montreal GM m"]
[Site "Montreal CAN"]
[Date "1991.??.??"]
[Round "?"]
[White "Lesiege, Alexandre"]
[Black "Gurevich, Ilya"]
[Result "1/2-1/2"]
[WhiteElo "2370"]
[BlackElo "2455"]
[WhiteFideId "-1"]
[WhiteFideId "-1"]
[PlyCount "99"]
[GameId "2160767912456018"]
[EventDate "1991.??.??"]
[EventType "match"]
[EventRounds "4"]
[EventCountry "CAN"]
[SourceTitle "EXT 91"]

1. d4 Nf6 2. c4 g6 3. Nf3 Bg7 4. g3 c6 5. Bg2 d5 6. cxd5 cxd5 7. O-O O-O 8. Nc3 e6 9. Ne5 Nfd7 10. f4 Nc6 11. e4 Ndxe5 12. fxe5 Qb6 13. Be3 Qxb2 14. Rc1 Bd7 15. exd5 exd5 16. Nxd5 Be6 17. Rf2 Qa3 18. Rc3 Qa5 19. Rc5 Qd8 20. Nf6+ Bxf6 21. exf6 Re8 22. Qd2 Bd7 23. d5 Ne5 24. Bd4 g5 25. Qxg5+ Ng6 26. h4 Re1+ 27. Kh2 Rd1 28. Rd2 Rxd2 29. Qxd2 h5 30. Rc7 Bg4 31. Qh6 Qf8 32. Qxf8+ Nxf8 33. Rxb7 Re8 34. Re7 Rc8 35. Rxa7 Rc2 36. Ra3 Kh7 37. Rd3 Rxa2 38. Bc3 Kg6 39. d6 Nd7 40. Kg1 Bf5 41. Rf3 Ra3 42. Bf1 Ne5 43. Re3 Ng4 44. Rd3 Rb3 45. Bd4 Bxd3 46. d7 Rb1 47. d8=Q Rxf1+ 48. Kg2 Rd1 49. Kf3 Rf1+ 50. Kg2 1/2-1/2

[Event "Montreal GM m"]
[Site "Montreal CAN"]
[Date "1991.??.??"]
[Round "?"]
[White "Lesiege, Alexandre"]
[Black "Gurevich, Ilya"]
[Result "1/2-1/2"]
[WhiteElo "2370"]
[BlackElo "2455"]
[WhiteFideId "-1"]
[WhiteFideId "-1"]
[PlyCount "83"]
[GameId "2160767912456019"]
[EventDate "1991.??.??"]
[EventType "match"]
[EventRounds "4"]
[EventCountry "CAN"]
[SourceTitle "EXT 91"]

1. d4 Nf6 2. c4 g6 3. Nf3 Bg7 4. g3 c6 5. Bg2 d5 6. cxd5 cxd5 7. O-O O-O 8. Nc3 e6 9. Ne5 Nfd7 10. f4 Nc6 11. Be3 Nb6 12. Bf2 f6 13. Nd3 Nc4 14. Rc1 f5 15. e3 Nd6 16. Qa4 Bd7 17. Nc5 Qe7 18. Qb3 Kh8 19. Nxd7 Qxd7 20. Na4 b6 21. Nc3 Rfc8 22. Rfd1 Na5 23. Qc2 Rc7 24. Bf1 b5 25. Qb1 Rac8 26. Ne2 Ne4 27. b3 Nxf2 28. Kxf2 Nb7 29. Rxc7 Rxc7 30. Rc1 Nd6 31. Bg2 Bf8 32. Rxc7 Qxc7 33. Qc1 Qxc1 34. Nxc1 b4 35. Ke2 Nb5 36. Kd2 Kg7 37. Nd3 Bd6 38. Bf1 Nc3 39. a4 h5 40. Bg2 Kf6 41. h4 Ke7 42. Bf3 1/2-1/2

[Event "Pere Noel"]
[Site "Montreal CAN"]
[Date "1990.12.30"]
[Round "5"]
[White "Cazelais, Marc"]
[Black "Lesiege, Alexandre"]
[Result "0-1"]
[WhiteElo "2111"]
[BlackElo "2403"]
[WhiteFideId "-1"]
[WhiteFideId "-1"]
[PlyCount "68"]
[GameId "2160767912456136"]
[EventDate "1990.12.26"]
[EventType "swiss"]
[EventRounds "5"]
[EventCountry "CAN"]
[SourceTitle "FQE 08"]

1. e4 e5 2. Nf3 Nc6 3. Bb5 Nge7 4. O-O a6 5. Ba4 g6 6. c3 d6 7. h3 Bg7 8. d4 Bd7 9. dxe5 dxe5 10. Nbd2 O-O 11. Re1 Qe8 12. Nf1 Rd8 13. Qc2 h6 14. Ne3 Nd4 15. Nxd4 Bxa4 16. Nb3 f5 17. exf5 gxf5 18. Nc4 Ng6 19. f4 e4 20. Be3 Bb5 21. Nbd2 Nh4 22. Bf2 Bf6 23. Nxe4 fxe4 24. Rxe4 Qd7 25. Bxh4 Bxh4 26. Ne5 Bd3 27. Qb3+ Qd5 28. Nxd3 Qxb3 29. axb3 Rxd3 30. f5 Bg3 31. Rf1 h5 32. f6 Rd6 33. Rb4 Rdxf6 34. Rd1 Re6 0-1

[Event "Premiere Neige"]
[Site "Montreal CAN"]
[Date "1990.12.??"]
[Round "?"]
[White "Lesiege, Alexandre"]
[Black "Prahov, Valentin"]
[Result "0-1"]
[WhiteElo "2403"]
[BlackElo "2320"]
[WhiteFideId "-1"]
[WhiteFideId "-1"]
[PlyCount "94"]
[GameId "2160767912468459"]
[EventDate "1990.12.??"]
[EventType "swiss"]
[EventRounds "5"]
[EventCountry "CAN"]
[SourceTitle "Echec+ 1998.07"]

1. d4 Nf6 2. c4 g6 3. g3 c6 4. d5 Bg7 5. Bg2 cxd5 6. cxd5 d6 7. Nc3 O-O 8. Nf3 Nbd7 9. O-O Nc5 10. Be3 a5 11. Rc1 Bd7 12. Ne5 Rc8 13. Nd3 Nxd3 14. Qxd3 a4 15. Bd4 Qa5 16. a3 Nh5 17. Bxg7 Nxg7 18. e4 Qb6 19. Rc2 Qb3 20. Rfc1 Rc5 21. Bf3 f5 22. e5 f4 23. exd6 exd6 24. g4 Ne8 25. h3 Nf6 26. Qd2 g5 27. Kg2 Re8 28. h4 h6 29. Qd3 Kf7 30. h5 Rg8 31. Re1 Qc4 32. Qxc4 Rxc4 33. Rce2 Re8 34. Rxe8 Bxe8 35. Re6 b5 36. Rxd6 b4 37. axb4 Rxb4 38. Ra6 Rxb2 39. Ne4 Nxe4 40. Bxe4 Bb5 41. Rxh6 a3 42. Rh7+ Kf6 43. Ra7 a2 44. h6 Bc4 45. Ra8 Rb8 46. Ra3 Ke5 47. Kf3 Rb3+ 0-1

[Event "Semi-Rapides Nov 1990"]
[Site "Montreal CAN"]
[Date "1990.11.24"]
[Round "1"]
[White "Lesiege, Alexandre"]
[Black "Beaudry, Marc-Andre"]
[Result "1/2-1/2"]
[WhiteElo "2290"]
[BlackElo "1897"]
[WhiteFideId "-1"]
[WhiteFideId "-1"]
[PlyCount "52"]
[GameId "2160767912468460"]
[EventDate "1990.11.24"]
[EventType "swiss (rapid)"]
[EventRounds "4"]
[EventCountry "CAN"]

1. d4 Nf6 2. c4 e6 3. Nc3 Bb4 4. e3 O-O 5. Bd3 d5 6. Nf3 c5 7. O-O Nc6 8. a3 Bxc3 9. bxc3 dxc4 10. Bxc4 Qc7 11. Ba2 e5 12. d5 Rd8 13. Ng5 Rd6 14. Nxf7 Kxf7 15. dxc6+ Be6 16. Bxe6+ Rxe6 17. cxb7 Qxb7 18. a4 c4 19. Ba3 Qd5 20. Rb1 Rb6 21. Rb4 Rxb4 22. Bxb4 Rd8 23. Qxd5+ Rxd5 24. a5 a6 25. f3 Rd2 26. e4 Nd7 1/2-1/2